000 01462nam a2200361Ia 4500
001 ebr10622745
003 CaPaEBR
006 m u
007 cr cn|||||||||
008 110519s2011 txu sb 001 0 eng d
010 _z 2011021152
020 _z9781593324728
020 _z9781593326869
040 _aCaPaEBR
_cCaPaEBR
035 _a(OCoLC)817561713
043 _an-us---
050 1 4 _aJV6475
_b.F38 2011eb
082 0 4 _a305.9/069120973
_223
100 1 _aFaulkner, Caroline L.,
_d1976-
245 1 0 _aEconomic mobility and cultural assimilation among children of immigrants
_h[electronic resource] /
_cCaroline L. Faulkner.
260 _aEl Paso [Tex.] :
_bLFB Scholarly Pub.,
_c2011.
300 _axv, 225 p.
490 1 _aThe new Americans : recent immigration and American society
504 _aIncludes bibliographical references and index.
533 _aElectronic reproduction.
_bPalo Alto, Calif. :
_cebrary,
_d2011.
_nAvailable via World Wide Web.
_nAccess may be limited to ebrary affiliated libraries.
650 0 _aAmericanization.
650 0 _aChildren of immigrants
_zUnited States
_vLongitudinal studies.
650 0 _aSocial mobility
_zUnited States.
655 7 _aElectronic books.
_2local
710 2 _aebrary, Inc.
830 0 _aNew Americans (LFB Scholarly Publishing LLC)
856 4 0 _uhttp://site.ebrary.com/lib/rucke/Doc?id=10622745
_zAn electronic book accessible through the World Wide Web; click to view
999 _c56262
_d56262